<?xml version="1.0" encoding="UTF-8"?>
<record
    xmlns:xsi="http://www.w3.org/2001/XMLSchema-instance"
    xsi:schemaLocation="http://www.loc.gov/MARC21/slim http://www.loc.gov/standards/marcxml/schema/MARC21slim.xsd"
    xmlns="http://www.loc.gov/MARC21/slim">

  <leader>01748nmm a2200301 i 4500</leader>
  <controlfield tag="003">DO-SdISF</controlfield>
  <controlfield tag="005">20250319140209.0</controlfield>
  <controlfield tag="007">ta</controlfield>
  <controlfield tag="008">240130s2020    dr ||||fo||d| 00| 0 spa d</controlfield>
  <datafield tag="040" ind1=" " ind2=" ">
    <subfield code="a">DO-SdISF</subfield>
    <subfield code="b">spa</subfield>
    <subfield code="c">DO-SdISF</subfield>
    <subfield code="e">rda</subfield>
  </datafield>
  <datafield tag="100" ind1="1" ind2=" ">
    <subfield code="a">Santos Tav&#xE1;rez, Gabriel de los</subfield>
    <subfield code="e">Autor</subfield>
    <subfield code="9">31090</subfield>
  </datafield>
  <datafield tag="245" ind1="1" ind2="0">
    <subfield code="a">Instrumento de Evaluaci&#xF3;n de los Niveles de Concreci&#xF3;n Curricular y los Planes Anuales, de Unidad Did&#xE1;ctica y de las Clases Diarias del &#xC1;rea de Educaci&#xF3;n F&#xED;sica /</subfield>
    <subfield code="c">Autor: Gabriel De Los Santos Tav&#xE1;rez ; Asesor: Diego Rafael La Rotta Villamizar</subfield>
  </datafield>
  <datafield tag="264" ind1=" " ind2="1">
    <subfield code="a">Santo Domingo :</subfield>
    <subfield code="b">ISFODOSU, </subfield>
    <subfield code="c">2020</subfield>
  </datafield>
  <datafield tag="300" ind1=" " ind2=" ">
    <subfield code="a">1 recurso en l&#xED;nea (117 p&#xE1;ginas) :</subfield>
    <subfield code="b">Ilustraciones</subfield>
  </datafield>
  <datafield tag="336" ind1=" " ind2=" ">
    <subfield code="2">rdacontent</subfield>
    <subfield code="a">texto</subfield>
    <subfield code="b">txt</subfield>
  </datafield>
  <datafield tag="337" ind1=" " ind2=" ">
    <subfield code="2">rdamedia</subfield>
    <subfield code="a">computadora</subfield>
    <subfield code="b">c</subfield>
  </datafield>
  <datafield tag="338" ind1=" " ind2=" ">
    <subfield code="2">rdacarrier</subfield>
    <subfield code="a">recurso en l&#xED;nea</subfield>
    <subfield code="b">cr</subfield>
  </datafield>
  <datafield tag="347" ind1=" " ind2=" ">
    <subfield code="2">rda</subfield>
    <subfield code="a">archivo de texto</subfield>
    <subfield code="b">PDF</subfield>
  </datafield>
  <datafield tag="502" ind1=" " ind2=" ">
    <subfield code="a">Tesis para optar por el t&#xED;tulo de Maestr&#xED;a en Educaci&#xF3;n F&#xED;sica Integral - Instituto Superior de Formaci&#xF3;n Docente Salom&#xE9; Ure&#xF1;a - ISFODOSU, Recinto Eugenio Mar&#xED;a de Hostos, 2020</subfield>
  </datafield>
  <datafield tag="504" ind1=" " ind2=" ">
    <subfield code="a">Bibliograf&#xED;a en p&#xE1;gina 51 </subfield>
  </datafield>
  <datafield tag="505" ind1=" " ind2=" ">
    <subfield code="a">Introducci&#xF3;n al problema de investigaci&#xF3;n 4 &#x2013; revisi&#xF3;n de la Literatura 15 &#x2013;  metodolog&#xED;a 22 &#x2013; presentaci&#xF3;n de los resultados 35 &#x2013; interpretaci&#xF3;n de los resultados 45 - referencias bibliogr&#xE1;ficas 51 &#x2013; anexos 57</subfield>
  </datafield>
  <datafield tag="650" ind1="1" ind2="7">
    <subfield code="a">Educaci&#xF3;n f&#xED;sica</subfield>
    <subfield code="z">Rep&#xFA;blica Dominicana</subfield>
    <subfield code="2">armarc</subfield>
    <subfield code="9">24501</subfield>
  </datafield>
  <datafield tag="650" ind1="1" ind2="7">
    <subfield code="a">Evaluaci&#xF3;n curricular</subfield>
    <subfield code="x">Instrumentos</subfield>
    <subfield code="2">armarc</subfield>
    <subfield code="9">25808</subfield>
  </datafield>
  <datafield tag="650" ind1="1" ind2="4">
    <subfield code="a">Planes de desarrollo</subfield>
    <subfield code="9">8302</subfield>
  </datafield>
  <datafield tag="700" ind1=" " ind2=" ">
    <subfield code="a">La Rotta, Diego Rafael</subfield>
    <subfield code="e">Asesor</subfield>
    <subfield code="9">31089</subfield>
  </datafield>
  <datafield tag="856" ind1=" " ind2=" ">
    <subfield code="y">Clic para ver Texto Completo</subfield>
    <subfield code="u">https://biblioteca.isfodosu.edu.do/cgi-bin/koha/opac-retrieve-file.pl?id=12d5f3cdb5803559f0c8096b216e860b</subfield>
  </datafield>
  <datafield tag="942" ind1=" " ind2=" ">
    <subfield code="2">LOC</subfield>
    <subfield code="c">TESIS</subfield>
    <subfield code="n">0</subfield>
  </datafield>
  <datafield tag="999" ind1=" " ind2=" ">
    <subfield code="c">12586</subfield>
    <subfield code="d">12586</subfield>
  </datafield>
  <datafield tag="952" ind1=" " ind2=" ">
    <subfield code="0">0</subfield>
    <subfield code="1">0</subfield>
    <subfield code="2">ddc</subfield>
    <subfield code="4">0</subfield>
    <subfield code="7">0</subfield>
    <subfield code="a">RII</subfield>
    <subfield code="b">RII</subfield>
    <subfield code="d">2025-03-19</subfield>
    <subfield code="l">0</subfield>
    <subfield code="r">2025-03-19 14:01:59</subfield>
    <subfield code="u">https://biblioteca.isfodosu.edu.do/cgi-bin/koha/opac-detail.pl?biblionumber=32457</subfield>
    <subfield code="w">2025-03-19</subfield>
    <subfield code="y">TED</subfield>
  </datafield>
</record>
